01069cam a2200289 a 45000010008000000030004000080050017000120060019000290070015000480080041000630200018001040200025001220350026001470400021001730500020001940820022002141000022002362100035002582450078002932600063003714900051004345040068004855060043005536500017005967730042006138560124006559650972OSt20150408114103.0m d cr n 100817s2011 nyua sb 001 0 eng d a9780199577774 a9780199577781 (pbk.) a(WaSeSS)ssj0000508769 aDLCcDLCdWaSeSS 4aP121b.T76 2011 222a001.2076bTRE1 aTruswell, Robert.10aEvents, phrases, and questions10aEvents, phrases, and questionsh[electronic resource] /cRobert Truswell. aOxford ;aNew York, NY :bOxford University Press,cc2011.0 aOxford studies in Theoretical Linguistics;v33 aIncludes bibliographical references (p. [246]-255) and indexes. aLicense restrictions may limit access. 0aLinguistics. 0tOxford Scholarship Online Linguistics40uhttp://www.columbia.edu/cgi-bin/cul/resolve?clio9650972zFull text available from Oxford Scholarship Online Linguistics